Unternehmensführungslehre Einführung. Entscheidungslogik. Soziale Komponenten

Salvato in:
Dettagli Bibliografici
Autore principale: Korndörfer, Wolfgang
Natura: Libro
Lingua:tedesco
Pubblicazione: Wiesbaden Gabler 1990
Edizione:7. Aufl.
Soggetti:
Tags: Aggiungi Tag
Nessun Tag, puoi essere il primo ad aggiungerne!!

MARC

LEADER 00000nam a2200000 4500
001 c000181
005 20221215125457.1
020 |a 3-409-38178-3 
041 0 |a ger 
044 |a DE 
245 1 0 |a Unternehmensführungslehre  |b Einführung. Entscheidungslogik. Soziale Komponenten  |c Wolfgang Korndörfer 
250 |a 7. Aufl. 
264 1 |a Wiesbaden  |b Gabler  |c 1990 
300 |a 308 s. 
610 2 0 |a riadenie podnikové 
610 2 0 |a manažment 
610 2 0 |a riadenie 
610 2 0 |a rozhodovanie 
610 2 0 |a plánovanie podnikové 
610 2 0 |a analýza operačná 
610 2 0 |a organizácia podniku 
610 2 0 |a politika sociálna 
100 1 |a Korndörfer, Wolfgang